000 00604nam a2200217 a 4500
003 MX-MxUPN
005 20250109080931.0
008 991125s1936 fr r 000 0 fre d
035 _aUPN01000002406
040 _aMX-MxUPN
_bspa
_cMX-MxUPN
041 0 _afre
050 4 _aBF724
_bM4.2 1936
100 1 _aMendousse, Pierre
_951400
245 1 2 _aL'ame de l'adolescente
250 _aNueva ed.
260 _aParís :
_bFélix Alcan,
_c1936.
300 _a328 páginas
650 4 _aPsicología del adolescente
_91013
700 1 _aLuna de Ibarra, Luz
_epropietaria anterior
_951389
942 _2lcc
_cLIBRO
999 _c2406
_d2406